THE FINANCIAL MANAGEMENT OF HOSPITALS / (Record no. 617334)
[ view plain ]
| 000 -LEADER | |
|---|---|
| fixed length control field | 00399nam a22001457a 4500 |
| 020 ## - INTERNATIONAL STANDARD BOOK NUMBER | |
| Qualifying information | HB. |
| 040 ## - CATALOGING SOURCE | |
| Transcribing agency | FIZZA ISHAQ |
| 082 ## - DEWEY DECIMAL CLASSIFICATION NUMBER | |
| Classification number | 362.11068 |
| Author Mark | HOW |
| 100 ## - MAIN ENTRY--PERSONAL NAME | |
| Personal name | BERMAN,J.HOWARD. |
| 9 (RLIN) | 134354 |
| 245 ## - TITLE STATEMENT | |
| Title | THE FINANCIAL MANAGEMENT OF HOSPITALS / |
| Statement of responsibility, etc. | HOWARD J.BERMAN. |
| 250 ## - EDITION STATEMENT | |
| Edition statement | 6th ED. |
| 260 ## - PUBLICATION, DISTRIBUTION, ETC. | |
| Place of publication, distribution, etc. | NEW YORK ; |
| Name of publisher, distributor, etc. | HEALTH ADMINISTRATION PRESS, |
| Date of publication, distribution, etc. | 1971. |
| 300 ## - PHYSICAL DESCRIPTION | |
| Extent | 820 P. ; |
| Dimensions | 9.5X6.3IN |
| 942 ## - ADDED ENTRY ELEMENTS (KOHA) | |
| Source of classification or shelving scheme | |
| Koha item type | Book |
| Withdrawn status | Lost status | Source of classification or shelving scheme | Damaged status | Not for loan | Permanent Location | Current Location | Shelving location | Date acquired | Total Checkouts | Full call number | Barcode | Date last seen | Price effective from | Koha item type |
|---|---|---|---|---|---|---|---|---|---|---|---|---|---|---|
| NUST Baluchistan Campus (NBC) | NUST Baluchistan Campus (NBC) | Reference | 05/06/2026 | 362.11068 HOW | QD-240 | 05/06/2026 | 05/06/2026 | Book |
